Beata María Josefa del Corazón de Jesús: una vida al servicio de los enfermos

Spremljeno u:
Bibliografski detalji
Glavni autor: Bilbao Aristegui, Pablo (Autor)
Format: Knjiga
Jezik:španjolski
Izdano: Bilbao Mensajero 1992
Teme:
Oznake: Dodaj oznaku
Bez oznaka, Budi prvi tko označuje ovaj zapis!

MARC

LEADER 00000nam a2200000 a 4500
001 UCH8876
003 CL-VaPUC
008 091217e19920000SP |||||||||||||||||spa|d
020 |a 8427117620 
082 0 4 |a 922.22  |b BIL  |2 21 
100 0 |a Bilbao Aristegui, Pablo  |e author  |9 545595 
245 1 0 |a Beata María Josefa del Corazón de Jesús: una vida al servicio de los enfermos 
300 |a 111 p 
942 |c BK 
945 |d 20091217 00:00:00  |a rbrito 
260 |a Bilbao  |b Mensajero  |c 1992 
600 0 7 |a MARIA JOSEFA DEL CORAZON DE JESUS  |2 CL-VaPUC  |9 545596 
650 0 |a Biografías  |9 255210 
650 0 |a Vida religiosa  |9 257284 
583 |a last modification  |c 20091217 00:00:00  |k Rodrigo Vera 
999 |c 338957  |d 338955 
952 |0 0  |1 0  |4 0  |6 922_220000000000000_BIL_1992  |7 0  |8 ?  |9 432268  |a FDOBUD  |b FDOBUD  |d 2019-11-22  |i 4617258  |o 922.22 BIL 1992  |p 4617258  |r 2019-11-22  |w 2019-11-22  |y BK  |k BUD